Javorina - drevený kostolík

Zobrazenie:

Bibliographic Details
Other Authors: Jiroušek, Alexander, 1934-2021 (Photographer)
Format: Postcard
Language:Slovak
PhysicalDescription:1 pohľadnica farebná 15 x 11 cm
Published: Martin Neografia [medzi 1992 a 2015?]
Subjects:

MARC

LEADER 00000ckm a2200000 a 4500
001 vtls010656885
003 SK-MaSNL
005 20260512123327.0
007 kp co
008 230706q1992 xo g kuslo
015 |a SNBG 
035 |a 6F99D3EA-C6D1-4441-9167-CE7A4B16D4A5 
035 |a urn:nbn:sk:snk-kmxwvu 
035 |a urn:nbn:sk:snk-km004bgo 
040 |a SNK  |b slo  |c SNK  |e AACR2 
041 0 |a slo 
043 |a e-xo--- 
044 |a xo  |c SK 
072 7 |a 913  |x Regionálna geografia  |2 konspekt 
080 |a 913(437.6)  |2 2011 
080 |a 904(084.121)  |2 2011 
080 |a 726.54-035.3  |2 2001 
080 |a (437.6)  |2 2001 
080 |a (084.121)  |2 2001 
100 1 |a Jiroušek, Alexander,  |d 1934-2021  |4 pht  |9 223957 
245 1 0 |a Javorina - drevený kostolík  |h grafika  |c foto Alexander Jiroušek 
260 |a Martin  |b Neografia  |c [medzi 1992 a 2015?]  |e Skalica  |f Grafobal a. s. 
300 |a 1 pohľadnica  |b farebná  |c 15 x 11 cm 
500 |a Na adresnej časti uvedené: "Foto © Alexander Jiroušek" 
520 8 |a Zobrazenie: 
650 0 7 |a drevené kostoly  |2 SNKPH  |9 3659 
651 7 |a Tatranská Javorina (Slovensko)  |2 SNKPHgeo  |9 17537 
655 7 |a pohľadnice kultúrnych pamiatok  |2 SNKPH  |9 70523 
655 7 |a miestne pohľadnice  |2 SNKPH  |9 70510 
852 |a Slovenská národná knižnica 
958 |a GBN 
958 |a GC 
999 |c 755877  |d 757807 
952 |a SNK  |b SNK  |y PREZ  |7 0  |p 17A0810999  |o snkSP 152730  |i snkDK 2015/6580  |8 3  |g 0.50  |0 0  |1 0  |4 0  |d 2015-02-24  |f 1  |l 0  |r 2026-02-23 23:48:02  |w 2026-02-23